| 000 | 00372nam a2200145Ia 4500 | ||
|---|---|---|---|
| 008 | 220803s9999 xx 000 0 und d | ||
| 020 | _a9783869222189 | ||
| 041 | _aeng | ||
| 082 | _a691 SEO | ||
| 100 |
_aSeonwook K _924939 |
||
| 245 | _aConstruction And Design Manual : Mobile Architecture | ||
| 260 |
_aBerlin _bDom Publisher _c2012 |
||
| 300 | _a844p | ||
| 500 | _aARCHI | ||
| 999 |
_c15819 _d15819 |
||